| 000 | 02829nam0a2200457 4500 | ||
|---|---|---|---|
| 001 | RU\NLR\bibl\353419 | ||
| 005 | 20260406042201.0 | ||
| 010 |
_a5-696-02082-8 _bВ пер. _9150 |
||
| 021 |
_aRU _b2002-49643 _92402 |
||
| 035 | _a(NLR Aleph) 000348112 | ||
| 090 |
_a258689 _c258689 |
||
| 100 | _a20021219d2001 |||y0rusy50 ca | ||
| 101 | 0 | _arus | |
| 102 | _aRU | ||
| 105 | _aa ||||||||| | ||
| 200 | 1 |
_aБезопасность при эксплуатации электротехнических систем _eУчеб. пособие _fЩуцкий В.И., Сидоров А.И. _gМ-во образования Рос. Федерации, Юж.-Урал. гос. ун-т. Каф. "Безопасность жизнедеятельности" |
|
| 210 |
_aЧелябинск _cИзд-во Юж.-Урал. гос. ун-та _d2001 |
||
| 215 |
_a281, [1] с. _cил. _d21 |
||
| 320 | _aБиблиогр.: с. 279 | ||
| 606 | 0 |
_aЭлектротехническая промышленность _jРуководства, пособия и т.п. _xГигиена труда _91998770 _3RU\NLR\auth\66918339 |
|
| 606 | 0 |
_aЭлектротехническая промышленность _jУчебные издания _xГигиена труда _91998770 _3RU\NLR\auth\66918339 |
|
| 606 | 0 |
_aЭлектротравмы _jРуководства, пособия и т.п. _xПервая помощь _91234823 _3RU\NLR\auth\66503878 |
|
| 606 | 0 |
_aЭлектротравмы _jУчебные издания _xПервая помощь _91234823 _3RU\NLR\auth\66503878 |
|
| 606 | 0 |
_aЭлектрические установки _jРуководства, пособия и т.п. для высшей школы _xЭксплуатация _xТехника безопасности _91759251 _3RU\NLR\auth\661084145 |
|
| 606 | 0 |
_aЭлектрические установки _jУчебные издания для высшей школы _xЭксплуатация _xТехника безопасности _91759251 _3RU\NLR\auth\661084145 |
|
| 610 | 0 | _aЭлектротехнические установки - Эксплуатация - Техника безопасности | |
| 675 |
_a621.31:658.345.8(075.8) _v3 _zrus |
||
| 686 |
_a44 _2rugasnti |
||
| 686 |
_a65.247я73 _2rubbk |
||
| 686 | _aР124.508.12-48я7 | ||
| 686 | _aР458.154.1-5,31я7 | ||
| 686 | _aЗ29-5н65я73-1 | ||
| 700 | 1 |
_4070 _7ca _8rus _aЩуцкий _bВ. И. _f1932- _gВиталий Иванович _912709 _3RU\NLR\AUTH\7729680 |
|
| 701 | 1 |
_4070 _7ca _8rus _aСидоров _bА. И. _cд-р техн. наук _f1948- _gАлександр Иванович _9112477 _3RU\NLR\auth\772465 |
|
| 801 | 0 |
_aRU _bRKP _c20021219 _gPSBO |
|
| 801 | 1 |
_aRU _bRKP _c20021219 |
|
| 801 | 2 |
_aRU _bNLR _c20110812 _grcr |
|
| 942 | _cBOOK | ||
| 980 | _aNB | ||
| 980 | _aNBR | ||